000 00668nam a2200181 a 4500
001 000017879
005 20200929165251.0
008 100407s1945 dr ab 001 0 spa d
040 _aDO-SdBNP
_bspa
_cBNPHU
082 _axxxx
_bM387c
100 1 _aMartorell Otzet, Ramón
_936385
245 1 0 _aCaracterísticas de la carta preliminar del territorio nacional /
_cRamón Martorell Otzet.
260 _aCiudad Trujillo, República Dominicana :
_bMontalvo,
_c1945.
300 _a52 p. :
_bil., map. ;
_c25 cm.
490 1 _aPublicaciones de la Universidad Autónoma de Santo
_v36
830 0 _aPublicaciones de la Universidad Autónoma de Santo
_v36
_938797
049 _aBNPD
999 _c17403
_d17403